Противоборството , наречено живот (Запис номер 508728)
[ съкратено ]
| 000 -Лидер | |
|---|---|
| Лидер | 01290aaa a2200277 a 4500 |
| 003 - Код на организацията, давaща контролен номер | |
| Код на организацията, даваща контролен номер | BLK |
| 005 - Дата и час на последна редакция | |
| Дата и час на последна редакция | 20240412113041.0 |
| 007 - Фиксирано поле за физическо описани | |
| Физическо описание | ta |
| 008 - Елементи от данни с фиксирана дължина | |
| Елементи с фиксирана дължина | 221104b bu |||||r|||| 00| | bu d |
| 040 ## - Източник на каталожния запис | |
| Код на библиотеката | BLK |
| 041 ## - Код за език | |
| Език | Български |
| Език за КДБФ | Български |
| 080 ## - УДК | |
| УДК текст | Българска литература |
| УДК код | 821.163.2 |
| УДК – определител | (092) |
| УДК – код + определител | 821.163.2(092) |
| 080 ## - УДК | |
| УДК текст | Русенски поет, изследовател на живота и делото на Захари Стоянов |
| УДК код | 929 Палежев, Йордан Йорданов |
| УДК – код + определител | 929 Палежев, Йордан Йорданов |
| 100 ## - Редна дума - Автор | |
| R(LIN) | 310650 |
| Автор | Ганчев, Атанас |
| 245 ## - Сведения за заглавието | |
| Заглавие | Противоборството , наречено живот |
| Авторска отговорност | Атанас Ганчев |
| 300 ## - Физическа характеристика | |
| Брой страници | № 5, 24 май 1990 |
| 520 ## - Забележка за наличие на резюме, анотация и т.н | |
| Анотация, рецензия | За книгата на Йордан Палежев "Отговора знае само вятърът" |
| 600 14 - Име на лице, използвано като предмет | |
| 9 (RLIN) | 105744 |
| За него / За нея | Палежев, Йордан Йорданов |
| 653 ## - Ключова дума – ненормативна | |
| 9 (RLIN) | 188047 |
| Ключови думи | Йордан Палежев |
| 653 ## - Ключова дума – ненормативна | |
| 9 (RLIN) | 193981 |
| Ключови думи | поети |
| 653 ## - Ключова дума – ненормативна | |
| 9 (RLIN) | 195878 |
| Ключови думи | русенци |
| 773 0# - Описание на основна библиографска единица при аналитични записи (многотомни) | |
| Заглавие на източника | СВЕТЛОСТРУЙ |
| Контролен номер на записа | 292559 |
| Международен стандартен номер на серията ISSN | C612-5190 |
| Място на издаване, издател и година | в. Дунавска правда 1981 |
| Информация за връзката | . // |
| 856 ## - Електронен адрес и достъп | |
| Инструкция (цена за достъп) | 0.00 |
| Права за достъп | disable |
| 942 ## - АРТИКУЛИ | |
| Източник на класификационната схема | Universal Decimal Classification |
| Вид на библиотечния документ | Статия |
| Скрит в OPAC | Не |
| 944 ## - СЪЗДАВАНЕ И РЕДАКЦИЯ на ЗАПИСА | |
| Дата на регистрацията/редакция | Вася Ганчева |
| Служител, извършил регистрацията/редакцията | 30549 |
| Номер на служител | Вася Ганчева |
| Създаване/Редакция | |
| 999 ## - СИСТЕМНИ КОНТРОЛНИ НОМЕРА | |
| Koha biblionumber | 508728 |
| Koha biblioitemnumber | 508728 |
Няма налични копия.